[Event "Olimpiade 2016 - Donne"]
[Site "Baku"]
[Date "09.09.2016"]
[Round "7.12"]
[Board "3"]
[White "Fernandez, Maria Florencia"]
[Black "Bengtsson, Jessica"]
[Result "1-0"]
[WhiteTitle "WIM"]
[WhiteElo "2189"]
[BlackElo "2005"]
[WhiteTeam "Argentina"]
[BlackTeam "Sweden"]
[WhiteFideId "116459"]
[BlackFideId "1711083"]
[EventDate "2016.09.02"]

1. d4 Nf6 2. c4 e6 3. Nc3 Bb4 4. e3 O-O 5. Ne2 d5 6. a3 Bd6 7. Ng3 Re8 8. cxd5
exd5 9. Bd3 b6 10. O-O c5 11. Nf5 Bf8 12. f3 g6 13. Ng3 Bg7 14. Nge2 Nc6 15. Bb5
Bb7 16. dxc5 bxc5 17. Nf4 a6 18. Ba4 d4 19. exd4 cxd4 20. Na2 Qb6 21. Kh1 Red8
22. Bd2 Rac8 23. Re1 a5 24. Nc1 Nd5 25. Nxd5 Rxd5 26. Nd3 Ba6 27. Nf4 Rdd8 28.
Bb3 Rb8 29. Ba4 Ne5 30. b3 Bb7 31. Qe2 d3 32. Qf1 Qa7 33. Rac1 Rbc8 34. Bb5 Rxc1
35. Rxc1 Qb6 36. a4 Ba6 37. Bxa6 Qxa6 38. Rc5 Nc6 39. Qe1 Nb4 40. Qe7 Bf6 41.
Qc7 Ra8 42. h3 Bd4 43. Rb5 Rc8 44. Qd7 Bf6 45. Rb7 Rf8 46. Bxb4 axb4 47. Nxd3
Bc3 48. f4 Qf6 49. Qe7 Qf5 50. Rd7 Bf6 51. Qd6 Re8 52. Qd5 Qxd5 53. Rxd5 Bc3 54.
Rb5 Re4 55. a5 Rd4 56. a6 Rxd3 57. a7 Rd1+ 58. Kh2 Ra1 59. Rb8+ Kg7 60. a8=Q
Rxa8 61. Rxa8 h5 62. g4 hxg4 63. hxg4 Kf6 64. Re8 Kg7 65. Kg3 Kf6 66. Kf3 Kg7
67. Ke4 Bd2 68. Rd8 Bc3 69. Kd3 Kf6 70. Rc8 Bb2 71. Rc4 Ba3 72. Rc6+ Ke7 73. Kc4
f6 74. Kd5 Bb2 75. Rc7+ Kf8 76. Ke6 g5 77. f5 Bc3 78. Rf7+ 1-0

[Event "Olimpiade 2016 - Donne"]
[Site "Baku"]
[Date "10.09.2016"]
[Round "8.4"]
[Board "3"]
[White "Zhao, Xue"]
[Black "Mammadova, Gulnar"]
[Result "1/2-1/2"]
[WhiteTitle "GM"]
[BlackTitle "WGM"]
[WhiteElo "2522"]
[BlackElo "2304"]
[WhiteTeam "China"]
[BlackTeam "Azerbaijan 1"]
[WhiteFideId "8601283"]
[BlackFideId "13403508"]
[EventDate "2016.09.02"]

1. d4 d5 2. c4 c6 3. Nf3 Nf6 4. e3 g6 5. Nc3 Bg7 6. h3 O-O 7. Bd3 a6 8. O-O dxc4
9. Bxc4 b5 10. Bd3 c5 11. a4 b4 12. Ne4 cxd4 13. Nxd4 Qd5 14. f3 Bb7 15. Bd2 e5
16. Nxf6+ Bxf6 17. Be4 Qd7 18. Nb3 Bxe4 19. Nc5 Qd5 20. fxe4 Qxc5 21. Rxf6 Nd7
22. Rc1 Qe7 23. Rfc6 a5 24. Be1 Nb8 25. Rc7 Qe6 26. Qd5 Qxd5 27. exd5 Na6 28.
R7c6 Rfd8 29. Bh4 f6 30. e4 g5 31. Bg3 f5 32. Bxe5 fxe4 33. d6 b3 34. Bf6 Rd7
35. Bxg5 Nb4 36. Rb6 Kf7 37. Re1 Re8 38. Be7 Nd5 39. Rxb3 Nxe7 40. dxe7 Rd4 41.
Rf1+ Kxe7 42. Rb5 Ra8 43. b3 Ke6 44. Rf4 Ra7 45. Rh4 Kf6 46. Rh6+ Kg7 47. Re6
Rc7 48. Rxa5 Rb7 49. Rg5+ Kf7 50. Rh6 Rxb3 51. Rxh7+ Kf6 52. Rb5 Rd1+ 53. Kf2
e3+ 54. Ke2 Rd2+ 55. Kf3 Rf2+ 56. Kg3 Rxb5 57. axb5 Rf1 58. Rh6+ Kf7 59. Rh7+
Kf8 60. Rh8+ Ke7 61. Rh7+ Kd6 62. Rh6+ Kd5 63. Rh5+ Kd4 64. Rh4+ Kd3 65. Rh8 e2
66. Re8 e1=Q+ 67. Rxe1 Rxe1 68. Kf4 Kd4 69. h4 Rf1+ 70. Kg5 Rb1 71. h5 Rxb5+ 72.
Kg6 Ke5 73. h6 Kf4 74. h7 Rb8 1/2-1/2

[Event "Olimpiade 2016 - Donne"]
[Site "Baku"]
[Date "10.09.2016"]
[Round "8.18"]
[Board "4"]
[White "Allahverdiyeva, Ayan"]
[Black "Felix Vega, Aurora Edith"]
[Result "1-0"]
[WhiteTitle "WCM"]
[BlackTitle "WFM"]
[WhiteElo "1780"]
[BlackElo "2053"]
[WhiteTeam "Azerbaijan 3"]
[BlackTeam "Peru"]
[WhiteFideId "13412590"]
[BlackFideId "3804976"]
[EventDate "2016.09.02"]

1. e4 c5 2. c3 d5 3. exd5 Qxd5 4. d4 Nf6 5. Nf3 Bg4 6. Nbd2 e6 7. Qa4+ Nc6 8.
Bc4 Qd7 9. Bb5 Rc8 10. Ne5 Qd5 11. Qxa7 cxd4 12. Bxc6+ bxc6 13. cxd4 Qxg2 14.
Rf1 Bb4 15. Nxg4 Qxg4 16. Qb7 Bxd2+ 17. Bxd2 O-O 18. Qb3 Rb8 19. Qc2 Nd5 20. h3
Qf3 21. Rg1 e5 22. Bh6 g6 23. Bxf8 exd4 24. Qe2 Qf6 25. Ba3 Nf4 26. Qe4 d3 27.
Rg3 Nh5 28. Rxd3 Qg5 29. Rad1 Kg7 30. Re3 Nf6 31. Qe5 1-0

[Event "Olimpiade 2016 - Donne"]
[Site "Baku"]
[Date "10.09.2016"]
[Round "8.20"]
[Board "4"]
[White "Mukhit, Aisezym"]
[Black "Hakimifard, Ghazal"]
[Result "0-1"]
[BlackTitle "WIM"]
[WhiteElo "2065"]
[BlackElo "2308"]
[WhiteTeam "Kazakhstan"]
[BlackTeam "Iran"]
[WhiteFideId "13706349"]
[BlackFideId "12506540"]
[EventDate "2016.09.02"]

1. e4 c5 2. Nf3 e6 3. d4 cxd4 4. Nxd4 a6 5. c4 Nf6 6. Nc3 Qc7 7. a3 b6 8. Be2
Bb7 9. f3 d6 10. Be3 Be7 11. O-O O-O 12. Rc1 Nbd7 13. b4 Rfe8 14. Qd2 Rac8 15.
Rfd1 Qb8 16. Kh1 Bd8 17. Bg1 Bc7 18. Nc2 Ne5 19. Ne3 Rcd8 20. Qe1 Ng6 21. g3 h5
22. Bf2 Rd7 23. Qg1 Qd8 24. Bf1 Ne5 25. Bg2 h4 26. gxh4 Nh5 27. Bg3 Ng6 28. Ne2
Nxh4 29. Bxh4 Qxh4 30. c5 bxc5 31. bxc5 Rdd8 32. c6 Bc8 33. Rc4 Qg5 34. Qf2 d5
35. Rcc1 Nf4 36. Qg3 Qxg3 37. Nxg3 d4 38. Ng4 d3 39. Bf1 a5 40. Nf2 Ba6 41. Rc3
Rd4 42. Nh3 Nxh3 43. Bxh3 Red8 44. Bf1 a4 45. Kg2 Bc4 46. Nh1 Ba5 47. Rcc1 Bb3
48. Rxd3 Rxd3 49. Bxd3 Rxd3 50. c7 Bxc7 51. Rxc7 Bd1 52. Rc8+ Kh7 53. Nf2 Bxf3+
54. Kg3 Rxa3 55. Kf4 Be2 56. Nh1 Rf3+ 57. Ke5 a3 58. Ra8 Bc4 59. Kd4 Ba2 60. Ng3
Bb1 61. Ne2 a2 62. Nc3 Rf2 63. h3 Kg6 64. Ra5 f5 65. exf5+ exf5 66. Ke3 Rh2 67.
h4 Kh5 68. Ne2 Kxh4 69. Ra4+ Kh3 70. Nf4+ Kg3 71. Ne2+ Rxe2+ 72. Kxe2 g5 73. Kf1
f4 74. Ra3+ f3 75. Kg1 Bc2 76. Kh1 Bb3 77. Ra5 g4 78. Ra3 Bd5 79. Kg1 a1=Q+ 0-1

[Event "Olimpiade 2016 - Donne"]
[Site "Baku"]
[Date "10.09.2016"]
[Round "8.21"]
[Board "4"]
[White "Domarkaite, Laima"]
[Black "Krpovic, Natasa"]
[Result "1-0"]
[WhiteTitle "WFM"]
[BlackTitle "WFM"]
[WhiteElo "2161"]
[BlackElo "2073"]
[WhiteTeam "Lithuania"]
[BlackTeam "Montenegro"]
[WhiteFideId "12800341"]
[BlackFideId "910791"]
[EventDate "2016.09.02"]

1. e4 e6 2. d4 d5 3. Nd2 dxe4 4. Nxe4 Bd7 5. Nf3 Bc6 6. Bd3 Nd7 7. Qe2 Bxe4 8.
Qxe4 c6 9. O-O Ngf6 10. Qe2 Be7 11. c4 O-O 12. b3 Re8 13. Bb2 Nf8 14. Rad1 Qa5
15. a3 Qh5 16. h3 Ng6 17. Qe3 Nd7 18. Rfe1 Bd8 19. Bf1 Qa5 20. Qc1 Bf6 21. g3
Qc7 22. h4 h6 23. Bh3 Rad8 24. h5 Ngf8 25. Bc3 Nh7 26. Bg2 Be7 27. Ne5 Nhf6 28.
Bf3 Bd6 29. Kg2 Nf8 30. Bb2 N8h7 31. Be2 c5 32. f4 cxd4 33. Bxd4 Bc5 34. Bb2 a5
35. Bf3 Nf8 36. Qc3 N8d7 37. Ng4 Be7 38. b4 axb4 39. axb4 Nb6 40. Ne5 Na4 41.
Qb3 Nxb2 42. Qxb2 Rxd1 43. Rxd1 Rd8 44. Rxd8+ Bxd8 45. Qd4 Ne8 46. c5 b6 47. c6
Nd6 48. Qd3 Bf6 49. Nd7 Be7 50. b5 Nc8 51. Qe3 Bd6 52. Be2 Be7 53. Kh3 Bd6 54.
Bd3 Ne7 55. Qxb6 Qxb6 56. Nxb6 Bc5 57. Nd7 Bd4 58. c7 Nc8 59. Be4 f6 60. Bb7 Nd6
61. c8=Q+ Nxc8 62. Bxc8 Kf7 63. b6 Ke7 64. b7 Ba7 65. b8=Q 1-0

[Event "Olimpiade 2016 - Donne"]
[Site "Baku"]
[Date "10.09.2016"]
[Round "8.26"]
[Board "2"]
[White "Exler, Veronika"]
[Black "Khan, Nazrana"]
[Result "1-0"]
[WhiteTitle "WFM"]
[BlackTitle "WFM"]
[WhiteElo "2220"]
[BlackElo "1965"]
[WhiteTeam "Austria"]
[BlackTeam "Bangladesh"]
[WhiteFideId "1620550"]
[BlackFideId "10201734"]
[EventDate "2016.09.02"]

1. d4 d5 2. c4 e6 3. Nf3 Nf6 4. g3 c6 5. Bg2 Nbd7 6. O-O Ne4 7. Nbd2 f5 8. Qc2
Be7 9. b3 O-O 10. Bb2 Ndf6 11. Ne5 Nxd2 12. Qxd2 Ne4 13. Qd3 Bd6 14. Rad1 a5 15.
f3 Nf6 16. e4 Qc7 17. c5 Bxe5 18. dxe5 Nd7 19. Qd4 b6 20. cxb6 Qxb6 21. Qxb6
Nxb6 22. exf5 exf5 23. Rc1 Bb7 24. f4 a4 25. Bd4 Nd7 26. b4 Ba6 27. Rxc6 Bxf1
28. Bxd5+ Kh8 29. Kxf1 Rad8 30. e6 Nf6 31. e7 Nxd5 32. exf8=Q+ Rxf8 33. b5 Kg8
34. Rd6 Nc7 35. Rd7 Nxb5 36. Rxg7+ Kh8 37. Be5 1-0

[Event "Olimpiade 2016 - Donne"]
[Site "Baku"]
[Date "10.09.2016"]
[Round "8.29"]
[Board "4"]
[White "Revo, Tatiana"]
[Black "Manar, Khalil"]
[Result "1-0"]
[WhiteElo "2087"]
[BlackElo "1725"]
[WhiteTeam "Belarus"]
[BlackTeam "Syria"]
[WhiteFideId "13506480"]
[BlackFideId "7604661"]
[EventDate "2016.09.02"]

1. e4 c5 2. Nf3 e6 3. d4 cxd4 4. Nxd4 Nf6 5. Nc3 Nc6 6. Ndb5 d6 7. Bf4 e5 8. Bg5
a6 9. Na3 b5 10. Nd5 Be7 11. Bxf6 Bxf6 12. c4 b4 13. Nc2 a5 14. g3 O-O 15. Bg2
Bg5 16. O-O Be6 17. Qd3 Qb8 18. b3 Rd8 19. f4 Bh6 20. Kh1 Qa7 21. Qf3 Nb8 22.
Rad1 Na6 23. Qh5 Qb8 24. Nf6+ Kh8 25. f5 Bc8 26. Ng4 Qc7 27. Nxh6 gxh6 28. Qxh6
Nc5 29. Ne3 Bb7 30. Nd5 Bxd5 31. Rxd5 a4 32. Rf4 Qe7 33. f6 Qf8 34. Qxf8+ Rxf8
35. Rf1 axb3 36. axb3 Rfd8 37. Rb1 Ra3 38. Rd2 h6 39. h4 Kh7 40. Kh2 Ra6 41. h5
Rb8 42. Bh3 Kg8 43. Bf5 Rbb6 44. g4 Ra3 45. g5 Nxb3 46. Rg2 Nd4 47. gxh6+ Kh8
48. Rg7 Nxf5 49. exf5 Ra7 50. Rbg1 Rb8 51. h7 Raa8 52. Rxf7 b3 53. Rg8+ Rxg8 54.
hxg8=Q+ Kxg8 55. Rb7 b2 56. Rxb2 Kf7 57. Rb6 Kxf6 58. Rxd6+ Kxf5 59. h6 Rc8 60.
h7 Rh8 61. Rd7 Ke6 62. Rb7 Kd6 63. Kg3 Kc6 64. Rg7 Kc5 65. Kg4 Kxc4 66. Kf5 Kd5
67. Rd7+ Kc6 68. Re7 Kd6 69. Re6+ Kd7 70. Rh6 Ke7 71. Kg6 e4 72. Kg7 e3 73. Kxh8 1-0

[Event "Olimpiade 2016 - Donne"]
[Site "Baku"]
[Date "10.09.2016"]
[Round "8.35"]
[Board "2"]
[White "Puuska, Heini"]
[Black "Roy, Ali"]
[Result "0-1"]
[WhiteTitle "WFM"]
[WhiteElo "1926"]
[BlackElo "1894"]
[WhiteTeam "Finland"]
[BlackTeam "Scotland"]
[WhiteFideId "502324"]
[BlackFideId "2400456"]
[EventDate "2016.09.02"]

1. d4 Nf6 2. Nf3 g6 3. Bg5 Bg7 4. Nbd2 d5 5. e3 O-O 6. Bd3 Nbd7 7. O-O c5 8. c3
b6 9. b4 Bb7 10. bxc5 bxc5 11. Qa4 Ne4 12. Bf4 h6 13. Qb5 Qc8 14. Bxe4 dxe4 15.
Ne5 Nxe5 16. Bxe5 Ba6 17. Qb3 Bxe5 18. dxe5 Bxf1 19. Rxf1 Qf5 20. Nc4 Qe6 21.
Qa4 Rfd8 22. f3 Rd3 23. Rc1 Qd5 24. f4 Rd8 25. Kf2 Rd2+ 26. Kg3 Re2 27. Rf1 Qd3
28. h3 Rc2 29. e6 f6 30. Rf2 Rxc3 31. Rd2 Rxc4 32. Rxd3 Rxa4 33. Rxd8+ Kg7 34.
Rd7 f5 35. Rxe7+ Kf6 36. Rc7 Rxa2 37. e7 Kf7 38. Rxc5 a5 39. Rc6 Re2 40. Rc3 Rd2
41. Ra3 Rd3 42. e8=Q+ Kxe8 43. Rxa5 Rxe3+ 44. Kf2 Rd3 45. Ra6 Kf7 46. Ra7+ Ke6
47. Ke2 g5 48. fxg5 hxg5 49. Rg7 Kf6 50. Rg8 Rc3 51. Rf8+ Ke5 52. g4 f4 53. Rf5+
Kd4 54. Rxg5 Rxh3 55. Ra5 Rh2+ 56. Ke1 f3 57. g5 e3 58. Ra4+ Ke5 59. Kd1 Rh1+
60. Kc2 f2 0-1

[Event "Olimpiade 2016 - Donne"]
[Site "Baku"]
[Date "10.09.2016"]
[Round "8.41"]
[Board "1"]
[White "Wakuruwarewa, Colletta"]
[Black "Alattar, Ghayda M."]
[Result "0-1"]
[BlackTitle "WFM"]
[WhiteElo "1716"]
[BlackElo "1964"]
[WhiteTeam "Zimbabwe"]
[BlackTeam "Jordan"]
[WhiteFideId "11001305"]
[BlackFideId "8101531"]
[EventDate "2016.09.02"]

1. e4 e5 2. Nf3 Nc6 3. Nc3 Nf6 4. Bc4 Nxe4 5. Bxf7+ Kxf7 6. Nxe4 d5 7. Neg5+ Kg8
8. d3 h6 9. Nh3 Bg4 10. Qd2 Bxf3 11. gxf3 Nd4 12. Ng1 Qf6 13. c3 Nxf3+ 14. Nxf3
Qxf3 15. Rg1 Bc5 16. Qe2 Rf8 17. Qxf3 Rxf3 18. Be3 Bxe3 19. fxe3 Rxe3+ 20. Kd2
Rh3 21. Rg2 Kh7 22. Rf1 Kg8 23. Rf5 e4 24. dxe4 dxe4 25. Rf4 e3+ 26. Ke2 g5 27.
Rd4 Rh7 28. Re4 Rf7 29. Rxe3 Rxe3+ 30. Kxe3 Kh7 31. Ke4 Kg6 32. Kd5 Re7 33. b4
h5 34. a4 g4 35. c4 Re3 36. Kd4 Re7 37. c5 c6 38. Rf2 Rf7 39. Re2 Rd7+ 40. Kc4
Kf6 41. b5 h4 42. bxc6 bxc6 43. Re8 g3 44. Re2 Rg7 45. hxg3 hxg3 46. Rg2 Ke5 47.
Re2+ Kf4 48. Re6 g2 49. Rxc6 g1=Q 50. Rd6 Qc1+ 51. Kb5 Qb2+ 52. Ka5 Rc7 53. Rd5
Rxc5+ 0-1

[Event "Olimpiade 2016 - Donne"]
[Site "Baku"]
[Date "10.09.2016"]
[Round "8.41"]
[Board "3"]
[White "Pasipanodya, Valentine"]
[Black "Fuad Kamel Jamaliah, Natalie"]
[Result "0-1"]
[BlackTitle "WIM"]
[WhiteElo "1594"]
[BlackElo "2064"]
[WhiteTeam "Zimbabwe"]
[BlackTeam "Jordan"]
[WhiteFideId "11000546"]
[BlackFideId "724190"]
[EventDate "2016.09.02"]

1. e4 c5 2. Nf3 e6 3. Nc3 a6 4. d4 cxd4 5. Nxd4 Qc7 6. Be2 b5 7. O-O Bb7 8. Bf3
Nc6 9. Be3 Bb4 10. Nxc6 Bxc3 11. Bd4 Bxd4 12. Nxd4 Ne7 13. Rc1 O-O 14. Re1 d6
15. Qd2 Ng6 16. c3 Rfd8 17. Qg5 Ne5 18. h4 Nd3 19. h5 h6 20. Qg3 Nxc1 21. Rxc1
Qe7 22. Re1 Qg5 23. Qxg5 hxg5 24. g4 Kf8 25. Kf1 Rac8 26. Ke2 d5 27. exd5 Bxd5
28. Bxd5 Rxd5 29. a3 Re5+ 30. Kd2 Rxe1 31. Kxe1 Ke7 32. Ke2 Kf6 33. Ke3 Rd8 34.
Ke2 Rd6 35. Nb3 Rd5 36. Nd4 Ke5 37. Ke3 f5 38. gxf5 exf5 39. Nc6+ Kf6 40. Nd4
Rd6 41. b3 Rd8 42. c4 bxc4 43. bxc4 Rc8 44. Kd3 g4 45. a4 Ke5 46. Kc3 f4 47. a5
Rc7 48. Ne2 Ke4 49. Nd4 Ke5 50. Ne2 Rd7 51. c5 Ke4 52. c6 Rc7 53. Nd4 g3 54.
fxg3 fxg3 55. Kc4 g2 56. Kc5 g1=Q 57. Kb6 Rxc6+ 58. Kxc6 Qxd4 59. Kb7 Qc4 60.
Kb6 Kf5 0-1

[Event "Olimpiade 2016 - Donne"]
[Site "Baku"]
[Date "10.09.2016"]
[Round "8.42"]
[Board "2"]
[White "Rania, Sbai"]
[Black "Thorsteinsdottir, Gudlaug"]
[Result "1-0"]
[WhiteTitle "WIM"]
[BlackTitle "WFM"]
[WhiteElo "1907"]
[BlackElo "2046"]
[WhiteTeam "Morocco"]
[BlackTeam "Iceland"]
[WhiteFideId "9002146"]
[BlackFideId "2300753"]
[EventDate "2016.09.02"]

1. d4 d5 2. c4 c6 3. Nc3 dxc4 4. a4 e5 5. dxe5 Qxd1+ 6. Kxd1 Be6 7. f4 Na6 8.
Nf3 O-O-O+ 9. Bd2 Nc5 10. Kc2 Bf5+ 11. e4 Nxe4 12. Nxe4 Bxe4+ 13. Kc1 Bd5 14.
Be3 Bb4 15. Bxa7 c5 16. Bb6 Rd7 17. Be2 Ne7 18. Nh4 h5 19. Rd1 g6 20. a5 Nc6 21.
Bf3 Nd4 22. Bxd5 Rxd5 23. Kb1 Rd7 24. Ka2 Re7 25. Rac1 g5 26. Rxd4 cxd4 27. Nf5
Rd7 28. Rxc4+ Kb8 29. Rxb4 d3 30. Ne3 d2 31. a6 gxf4 32. a7+ Ka8 33. Nd1 Rg8 34.
Rxf4 Rg6 35. Be3 b5 36. g3 Ra6+ 37. Kb3 Ra1 38. e6 Rd8 39. e7 Re8 40. Rxf7 Kb7
41. Rf8 Rxe7 42. Rb8+ Kc6 43. a8=Q+ Rxa8 44. Rxa8 h4 45. gxh4 Re4 46. Rh8 Rg4
47. Bxd2 1-0

[Event "Olimpiade 2016 - Donne"]
[Site "Baku"]
[Date "10.09.2016"]
[Round "8.44"]
[Board "2"]
[White "Mbo, Mabedi"]
[Black "Zhang, Jasmine Haomo"]
[Result "0-1"]
[BlackTitle "WCM"]
[WhiteElo "1531"]
[BlackElo "1721"]
[WhiteTeam "Botswana"]
[BlackTeam "New Zealand"]
[WhiteFideId "11301422"]
[BlackFideId "4304632"]
[EventDate "2016.09.02"]

1. e4 c5 2. Nf3 d6 3. d4 cxd4 4. Nxd4 Nf6 5. Nc3 a6 6. f3 e6 7. Be3 Be7 8. Qd2
Qc7 9. h4 b5 10. h5 Bb7 11. g4 Nfd7 12. g5 Ne5 13. h6 g6 14. b3 Nbc6 15. Bg2 Rc8
16. f4 Nd7 17. Rf1 Nxd4 18. Bxd4 e5 19. fxe5 dxe5 20. Qf2 Rf8 21. Nxb5 axb5 22.
Bb2 Qxc2 23. Qxc2 Rxc2 24. Rf2 Rxf2 25. Kxf2 Bxg5 26. Bc1 Bh4+ 27. Kf3 f5 28.
Bh3 Bxe4+ 29. Ke2 Kf7 30. Ba3 Rc8 31. Rd1 Rc2+ 32. Kf1 Ke8 33. Rd6 Rc6 34. Rd1
Bg5 35. Bb4 Rc1 36. Rxc1 Bxc1 37. a4 bxa4 38. bxa4 Bxh6 39. a5 Be3 40. Ke2 Ba7
41. Bd6 Bc6 42. Bb4 e4 43. Bd2 Bb5+ 44. Ke1 Nc5 45. Kf2 Nd3+ 46. Kg3 e3 47. Bc3
e2 48. Kh4 e1=Q+ 49. Bxe1 Nxe1 50. Kg5 Be3+ 51. Kf6 f4 52. Ke5 f3 53. Kf6 f2 54.
Kg7 f1=Q 55. Bxf1 Bxf1 0-1

[Event "Olimpiade 2016 - Donne"]
[Site "Baku"]
[Date "10.09.2016"]
[Round "8.47"]
[Board "4"]
[White "Gonchar, Svitlana"]
[Black "Villar Acevedo, Darlin Rocio"]
[Result "1/2-1/2"]
[WhiteElo "1807"]
[BlackElo "1781"]
[WhiteTeam "ICCD"]
[BlackTeam "Dominican Republic"]
[WhiteFideId "14122103"]
[BlackFideId "6405053"]
[EventDate "2016.09.02"]

1. d4 d5 2. c4 e6 3. Nc3 Nf6 4. Bg5 h6 5. Bh4 Be7 6. e3 O-O 7. Nf3 b6 8. cxd5
Nxd5 9. Nxd5 exd5 10. Bxe7 Qxe7 11. Be2 Be6 12. Rc1 c5 13. dxc5 bxc5 14. O-O Nd7
15. b3 Rfc8 16. Qd2 a5 17. Bb5 Nb6 18. a4 Nd7 19. Rfd1 Nf6 20. Ne5 Qd6 21. Qb2
Qb6 22. h3 Ra7 23. Rd2 Ne4 24. Rdc2 Rac7 25. f3 Nd6 26. Bd3 c4 27. bxc4 Qxe3+
28. Kh1 dxc4 29. Re2 Qf4 30. Be4 c3 31. Qc2 Nxe4 32. Rxe4 Qd2 33. Re2 Qxc2 34.
Rcxc2 Bb3 35. Rc1 Bxa4 36. Ra2 Re8 37. f4 Bb3 38. Rxa5 Rd8 39. Raa1 c2 40. Kg1
Rd1+ 41. Kf2 Rc3 42. Nf3 Bc4 43. Rxd1 cxd1=Q 44. Rxd1 Rc2+ 45. Rd2 Rc1 46. Ne5
Be6 47. g4 Kh7 48. f5 Bb3 49. Rd7 f6 50. Ng6 Rc8 51. Nf4 Rf8 52. Ng6 Re8 53. Nf4
Rf8 54. Ng6 1/2-1/2

[Event "Olimpiade 2016 - Donne"]
[Site "Baku"]
[Date "10.09.2016"]
[Round "8.48"]
[Board "1"]
[White "Mora Oviedo, Andrea Melissa"]
[Black "Marzouk, Amira"]
[Result "0-1"]
[WhiteTitle "WCM"]
[BlackTitle "WFM"]
[WhiteElo "1783"]
[BlackElo "1724"]
[WhiteTeam "Honduras"]
[BlackTeam "Tunisia"]
[WhiteFideId "8400148"]
[BlackFideId "5501148"]
[EventDate "2016.09.02"]

1. d4 Nf6 2. c4 e6 3. Nf3 Bb4+ 4. Bd2 Qe7 5. Qc2 Bxd2+ 6. Nbxd2 d5 7. g3 b6 8.
Rc1 Na6 9. cxd5 Nb4 10. Qxc7 Qxc7 11. Rxc7 Nfxd5 12. Rc1 Nxa2 13. Rb1 Bd7 14.
Ne5 Bb5 15. Ndc4 Ke7 16. e4 Ndb4 17. Na3 Bxf1 18. Rxf1 Rac8 19. Kd2 Rhd8 20. Ke3
f6 21. Nd3 Nxd3 22. Kxd3 Nb4+ 23. Ke3 Nc2+ 24. Nxc2 Rxc2 25. Rfd1 a5 26. b4 a4
27. b5 Rdc8 28. Rd2 R8c3+ 29. Ke2 a3 30. Ra1 Rb2 31. Rxb2 axb2 32. Rb1 Rb3 33.
Kd2 Rxb5 34. Kc3 f5 35. f3 fxe4 36. fxe4 h5 37. Rxb2 Rxb2 38. Kxb2 g5 39. Kb3
Kd6 40. Kc4 Kc6 41. h3 Kc7 42. Kb5 Kb7 43. g4 h4 44. d5 exd5 45. exd5 Kc7 46.
d6+ Kxd6 47. Kxb6 Ke5 48. Kc5 Kf4 49. Kd4 Kg3 50. Ke3 Kxh3 51. Kf3 Kh2 52. Kf2
h3 53. Kf3 Kg1 54. Ke4 h2 55. Kf5 h1=Q 56. Kxg5 Kf2 57. Kg6 Kg3 58. g5 Kg4 59.
Kf6 Qf3+ 60. Kg6 Qf5+ 61. Kg7 Qxg5+ 62. Kh7 Kf5 63. Kh8 Kf6 0-1

[Event "Olimpiade 2016 - Donne"]
[Site "Baku"]
[Date "10.09.2016"]
[Round "8.49"]
[Board "4"]
[White "Bhatia, Kanwal K"]
[Black "Berezovsky, Fiorina"]
[Result "1-0"]
[WhiteTitle "WFM"]
[WhiteElo "2133"]
[BlackElo "1096"]
[WhiteTeam "England"]
[BlackTeam "Monaco"]
[WhiteFideId "407496"]
[BlackFideId "5400651"]
[EventDate "2016.09.02"]

1. e4 d5 2. exd5 Qxd5 3. d4 e5 4. dxe5 Qxd1+ 5. Kxd1 Nc6 6. f4 Bg4+ 7. Be2
O-O-O+ 8. Bd2 Bxe2+ 9. Nxe2 f6 10. exf6 Nxf6 11. Nbc3 Bb4 12. Kc1 Ne4 13. Nxe4
Bxd2+ 14. Nxd2 Rhe8 15. Nc3 Re3 16. Nf3 Nd4 17. Nxd4 Rxd4 18. Rd1 Rxd1+ 19. Kxd1
Re7 20. Kd2 Rf7 21. Ke3 Kd7 22. Rd1+ Ke6 23. g4 h6 24. f5+ Kf6 25. Ne4+ Ke5 26.
Nc5 b6 27. Nd7+ Rxd7 28. Rxd7 c5 29. Rxg7 a5 30. Rg6 b5 31. Rxh6 Kd5 32. g5 c4
33. g6 b4 34. g7 a4 35. g8=Q+ 1-0

[Event "Olimpiade 2016 - Donne"]
[Site "Baku"]
[Date "10.09.2016"]
[Round "8.50"]
[Board "4"]
[White "Almaha, Ali Bahzad"]
[Black "Klotz, Jutta"]
[Result "1-0"]
[WhiteElo "1244"]
[BlackElo "1490"]
[WhiteTeam "Qatar"]
[BlackTeam "Malta"]
[WhiteFideId "12101125"]
[BlackFideId "5600723"]
[EventDate "2016.09.02"]

1. d4 e6 2. Nf3 d5 3. c4 Nf6 4. Nc3 c5 5. cxd5 Nxd5 6. Nxd5 Qxd5 7. Bg5 cxd4 8.
Qxd4 Qxd4 9. Nxd4 Bb4+ 10. Bd2 Bxd2+ 11. Kxd2 O-O 12. Ke1 Bd7 13. Rd1 Nc6 14.
Nb3 Rfd8 15. Nc5 Be8 16. Nxb7 Rxd1+ 17. Kxd1 Nb4 18. a3 Nd5 19. e3 Ba4+ 20. Ke1
Rc8 21. b4 Rc1+ 22. Kd2 Rc2+ 23. Ke1 Ra2 24. Nc5 Rxa3 25. Nxa4 Rxa4 26. b5 Nb6
27. Kd2 Ra2+ 28. Ke1 Nd5 29. h4 Nc3 30. Rh3 Ra1+ 31. Kd2 Rxf1 32. Kxc3 Rxf2 33.
Rg3 Rf5 34. Kb4 Rd5 35. Ka5 Rd6 36. Rg4 Kf8 37. Rc4 Ke8 38. Rc7 Rd7 39. Rxd7
Kxd7 40. Ka6 Kc8 41. Kxa7 Kd7 42. b6 Ke7 43. b7 Kf6 44. b8=Q h6 45. Qf4+ Ke7 46.
g4 f6 47. Kb6 Kf7 48. Kc6 e5 49. Qf5 g5 50. hxg5 hxg5 51. Kd6 Kg7 1-0

[Event "Olimpiade 2016 - Donne"]
[Site "Baku"]
[Date "10.09.2016"]
[Round "8.57"]
[Board "2"]
[White "Munoz, Alba"]
[Black "Albzoor, Anwar"]
[Result "0-1"]
[WhiteTitle "WCM"]
[BlackTitle "WFM"]
[WhiteElo "1704"]
[BlackElo "1570"]
[WhiteTeam "Panama"]
[BlackTeam "Palestine"]
[WhiteFideId "6600514"]
[BlackFideId "11500522"]
[EventDate "2016.09.02"]

1. e4 e6 2. d4 d5 3. exd5 exd5 4. Bd3 Bd6 5. Nc3 c6 6. Nge2 Ne7 7. Bf4 Bf5 8.
O-O Bxd3 9. Qxd3 Ng6 10. Bxd6 Qxd6 11. Ng3 O-O 12. Nf5 Qf6 13. Ne2 Nd7 14. c3
Qd8 15. Neg3 Nf6 16. Rfe1 Re8 17. Rad1 Qd7 18. Qf3 Re6 19. h4 Ne7 20. Re5 Nxf5
21. Nxf5 Rae8 22. Rde1 Ne4 23. Qg4 g6 24. f3 Nf6 25. Qg5 Nh5 26. Rxe6 Rxe6 27.
Rxe6 fxe6 28. g4 exf5 29. gxh5 Qe8 30. hxg6 Qxg6 31. Kf2 Qxg5 32. hxg5 Kg7 33.
Kg3 h5 34. gxh6+ Kxh6 35. Kf4 Kg6 36. Ke5 Kg5 37. f4+ Kg4 38. a4 a5 39. b3 b5
40. axb5 cxb5 41. Kxd5 Kxf4 42. Kc5 a4 43. d5 a3 44. d6 a2 45. d7 a1=Q 46. d8=Q
Qxc3+ 47. Kxb5 Qxb3+ 48. Kc5 Qe3+ 49. Kc4 Kf3 50. Qd7 Qe4+ 51. Kc3 Qe1+ 52. Kc4
f4 53. Qh3+ Qg3 54. Qh5+ Kf2 55. Qf5 f3 56. Qc2+ Kg1 57. Qd1+ Kh2 58. Qd2+ f2
59. Qh6+ Kg1 60. Qb6 Kg2 61. Qc6+ Qf3 62. Qg6+ Kf1 63. Qb1+ Ke2 64. Qc2+ Ke3 65.
Qd3+ Kf4 66. Qd6+ Kg4 67. Qg6+ Kh4 68. Qh7+ Kg3 0-1